000 00662nam a22002057a 4500
003 DO-SdBNP
005 20220221123911.0
007 ta
008 211029b2018 dr ac||| |||| 00| 0 spa d
040 _aDO-SdBNP
_bspa
_cBNPHU
082 4 _222
100 1 _aRodríguez Calderón, Edward,
_d1983-
_980389
245 1 0 _aOrigen de la comunidad de Juan Álvarez /
_cEdward Rodríguez Calderón.
260 _aSanto Domingo :
_bMediabyte,
_c2018.
300 _a13 p. :
_bil., retrs. ;
_c21 cm.
500 _aIncluye datos biográficos del autor en la solapa de la contracubierta.
590 _aInventariado, 2021 /LP
910 _aLopérez
942 _2ddc
_cLBS1
999 _c50829
_d50829